2024.03.26, Polska - Walia - składy - Statystyki

Ogólne statystyki
  • Ten quiz został rozwiązany 106 razy
  • Średni wynik to 17 z 31
Statystyki odpowiedzi
Kraj Pozycja Piłkarz % Poprawnych
Polska Bramkarz Wojciech Szczęsny
100%
Polska Napastnik Robert Lewandowski
95%
Polska Trener Michał Probierz
88%
Polska Pomocnik Nicola Zalewski
86%
Polska Obrońca Jakub Kiwior
85%
Polska Napastnik (r) Krzysztof Piątek
85%
Polska Pomocnik Piotr Zieliński
85%
Polska Napastnik Karol Świderski
84%
Polska Obrońca Jan Bednarek
82%
Polska Pomocnik Przemysław Frankowski
76%
Polska Pomocnik (r) Sebastian Szymański
76%
Polska Pomocnik Jakub Piotrowski
74%
Polska Obrońca Paweł Dawidowicz
74%
Polska Pomocnik Bartosz Slisz
67%
Polska Obrońca (r) Bartosz Salamon
62%
Polska Pomocnik (r) Taras Romanczuk
53%
Walia Bramkarz Danny Ward
49%
Walia Napastnik Kieffer Moore
49%
Walia Napastnik (r) Daniel James
48%
Walia Pomocnik Jordan James
48%
Walia Obrońca Ben Davies
35%
Walia Pomocnik Ethan Ampadu
32%
Walia Napastnik Brennan Johnson
27%
Walia Obrońca Neco Williams
26%
Walia Pomocnik Harry Wilson
21%
Walia Trener Robert Page
20%
Walia Pomocnik Connor Roberts
18%
Walia Obrońca Chris Mepham
16%
Walia Pomocnik (r) David Brooks
16%
Walia Obrońca Joe Rodon
13%
Walia Pomocnik (r) Nathan Broadhead
9%
Nie znaleziono quizów pasujących do podanych kryteriów
Rozkład punktacji
Procent ludzi z każdym wynikiem
Percentyl według liczby udzielonych odpowiedzi
Twoja historia wyników
Nie rozwiązałeś tego quizu